|
|
|
|
| LEADER |
01092nam a2200277 a 4500 |
| 001 |
GR-MES583 |
| 008 |
991111s1996 gr 000 b gre d |
| 020 |
|
|
|a 9605200554
|
| 040 |
|
|
|a GrPaTEI
|b gre
|c GR-PaULI
|
| 245 |
0 |
0 |
|a PowerPoint για Windows 95 Βήμα πρός Βήμα.
|
| 260 |
|
|
|a Αθήνα :
|b Γκιούρδας εκδοτική,
|c 1996
|
| 300 |
|
|
|a XVI, 338 σελ., εικ.
|
| 500 |
|
|
|a Using the PowerPoint for Windows 95
|
| 650 |
|
0 |
|a H/Y
|
| 650 |
|
0 |
|a Powerpoint
|
| 650 |
|
0 |
|a POWERPOINT 95
|
| 650 |
|
4 |
|a ΔΗΜΙΟΥΡΓΙΑ ΠΑΡΟΥΣΙΑΣΕΩΝ
|
| 650 |
|
4 |
|a ΕΦΑΡΜΟΓΕΣ ΥΠΟΛΟΓΙΣΤΩΝ
|
| 650 |
|
4 |
|a ΠΡΟΓΡΑΜΜΑ
|
| 700 |
1 |
|
|a Eiwner-Reding, Elizabeth
|
| 700 |
1 |
|
|a Φιτσουρής, Δημοσθένης Κ.
|
| 710 |
0 |
|
|a Γκιούρδας εκδοτική
|
| 942 |
|
|
|2 ddc
|
| 952 |
|
|
|0 0
|1 0
|2 ddc
|4 0
|6 005_300000000000000_RED
|7 0
|9 263875
|a MSLG
|b MSLG
|c BSC
|d 2021-01-17
|e 24
|f 0
|g 0.00
|l 0
|o 005.3 RED
|p 2420000006823
|r 2021-01-17 00:00:00
|t 1
|w 2021-01-17
|y BK15
|x 19991111 0 1
|x GrPaTEI
|
| 971 |
|
|
|a .b25716244
|b 15-04-20
|c 13-09-16
|
| 999 |
|
|
|c 151924
|d 151924
|